| 000 | 02177nam a2200313Ia 4500 | ||
|---|---|---|---|
| 001 | K0545 | ||
| 003 | IT-RoPAU | ||
| 008 | 130308s9999 xx 000 0 und d | ||
| 040 | _aIT-RoPAU | ||
| 040 | _cIT-RoPAU | ||
| 041 | _aITALIANO | ||
| 100 | _aArmocida Pedro | ||
| 100 | _gCodice Aut. SPICS: 54513 | ||
| 245 | _aCinema argentino contemporaneo e l'opera di Leonardo Favio (Il) | ||
| 245 | _bCinema Argentino Contemporaneo e L'Opera di Leonardo Favio (Il) | ||
| 250 | _a1a ed. | ||
| 260 | _aVENEZIA | ||
| 260 | _bMarsilio | ||
| 260 | _c2006 [1° Ed.:2006 - Ed.Ling.Originale:2006] | ||
| 300 | _a"222 p. (prefazione: no ; testo: 222 [pagine: 0-0])" | ||
| 500 | _a"Tra Amore e Paura Argentina nella Palude Neoliberista di M.A.Tozzini. Novità nel Sistema di Produzione un Cinema a misura Dello Stato Nuova legge del '95 Rapporti con Televisione di A.A. Marion. Realisti e Non Realisti registi Argentini Anni Novanta di S. Schwarzbock. Stile e Scrittura nel Cinema Argentino Anni '90 di S. Wolf. Due Modalità Documentario Argentino Anni '90 di E. Bernini. commedia e Cinema commerciale di P. Scholz. Nascere e Ri Nascere un Decennio di Animazione Argentina di R. Manrupe. Nuovi Attori e Modelli classici di G. Noriega. Critica Cinematografica in Argentina di D. Oubina. tra vecchio e Nuovo Cinema Politico in Argentina di O. Getino. Italiani in Argentina di G. Ottone. Cinema di Leonardo Favio: Parola di cantastorie Conversazione con L. Favio di D. Dottorini; resistenza e Pietà di D. Oubina; Alla Ricerca del Popolo Juan Moreira di L. Favio a cura di G. Aguilar; L. Favio Simplemente una Vida di D. Dottorini; Filmografia Commentata a cura di D. Dottorini. Strumenti: principali registi Nuovo Cinema Argentino Dizionario Possibile di F.M. Pena; Bibliografia Essenziale di D. Dottorini; profilo Autori. " | ||
| 650 | _aSTORIA DEL CINEMA | ||
| 650 | _eCodice materia Spics: 6808 | ||
| 700 | _aDottorini DanieleAA.VV. | ||
| 700 | _gCodice Aut. SPICS: 40866Codice Aut. SPICS: 12000 | ||
| 942 | _cBK | ||
| 957 | _71 | ||
| 999 |
_c77382 _d77382 |
||
| 999 | _g1 | ||